[Event "Titled Tuesday intern op 13th Jun Early"]
[Site "Chess.com INT"]
[Date "2023.06.13"]
[Round "1"]
[White "Wojtaszek, Radoslaw"]
[Black "Lopez, Nelson M"]
[Result "1-0"]
[WhiteElo "2676"]
[BlackElo "2037"]
[PlyCount "71"]
[EventDate "2023.06.13"]
[EventType "swiss (blitz)"]
[EventRounds "11"]
[EventCountry "USA"]
[SourceTitle "EXT 2024"]
[Source "ChessBase"]
[SourceDate "2023.10.10"]
[SourceVersion "1"]
[SourceVersionDate "2023.10.10"]
[SourceQuality "1"]

1. c4 e5 2. g3 Nf6 3. Bg2 d5 4. cxd5 Nxd5 5. Nc3 Nxc3 6. bxc3 c6 7. Nf3 Qc7 8. 0-0 Be7 9. d4 exd4 10. Bf4 Qa5 11. cxd4 0-0 12. Qb3 Nd7 13. h4 Nb6 14. Bg5 Bxg5 15. Nxg5 h6 16. Ne4 Be6 17. Qc2 Rad8 18. Nc5 Bc8 19. Rad1 Rfe8 20. e4 Nd7 21. Nb3 Qh5 22. Rfe1 Nf6 23. Nc5 g5 24. hxg5 hxg5 25. f3 Kg7 26. Kf2 g4 27. f4 Qg6 28. f5 Qg5 29. Qc3 b6 30. Nd3 c5 31. d5 Ba6 32. Nf4 Kf8 33. d6 Nd7 34. e5 Qxf5 35. Rh1 Kg8 36. Rh5 1-0

[Event "Titled Tuesday intern op 28th Mar Early"]
[Site "Chess.com INT"]
[Date "2023.03.28"]
[Round "8"]
[White "Georg, Heinz"]
[Black "Lopez, Nelson M"]
[Result "0-1"]
[WhiteElo "2157"]
[BlackElo "2037"]
[PlyCount "120"]
[EventDate "2023.03.28"]
[EventType "swiss (blitz)"]
[EventRounds "11"]
[EventCountry "USA"]
[SourceTitle "EXT 2024"]
[Source "ChessBase"]
[SourceDate "2023.10.10"]
[SourceVersion "1"]
[SourceVersionDate "2023.10.10"]
[SourceQuality "1"]

1. e4 e5 2. Nf3 Nc6 3. Nc3 Nf6 4. d4 d6 5. dxe5 dxe5 6. Qxd8+ Kxd8 7. Bb5 Bd6 8. Bg5 Be6 9. 0-0-0 Ke7 10. Nd5+ Bxd5 11. exd5 a6 12. Bxc6 bxc6 13. dxc6 h6 14. Bxf6+ gxf6 15. Nh4 Ke6 16. g4 h5 17. h3 hxg4 18. hxg4 a5 19. Nf5 Rxh1 20. Rxh1 Ra6 21. Re1 Bc5 22. Ng7+ Kd5 23. Rd1+ Kxc6 24. f3 Ra8 25. Nh5 Be3+ 26. Kb1 Bg5 27. Rd3 Rb8 28. Rc3+ Kd6 29. Ng7 Rb4 30. Nf5+ Kd7 31. a3 Rb6 32. Rd3+ Ke6 33. Rc3 e4 34. fxe4 Ke5 35. Rxc7 Kxe4 36. Rc4+ Kf3 37. Ka2 Bf4 38. Nd4+ Kg2 39. Nc6 Kg3 40. Nxa5 Kxg4 41. b4 Kg3 42. Nc6 Be3 43. a4 f5 44. a5 Ra6 45. b5 Ra8 46. b6 Bxb6 47. Ra4 Be3 48. a6 f4 49. Ne5 f3 50. Ra3 Kf4 51. Nxf3 Kxf3 52. c4 f5 53. c5 f4 54. c6 Kg2 55. a7 Bb6 56. Ra6 Bc7 57. Kb3 f3 58. Ra2+ f2 59. Kc4 Rxa7 60. Rxa7 f1Q+ 0-1

[Event "USA tt"]
[Site "ICC INT"]
[Date "2010.10.25"]
[Round "10"]
[White "Lopez, Nelson M"]
[Black "Magness, Trevor"]
[Result "0-1"]
[WhiteElo "2163"]
[BlackElo "2126"]
[PlyCount "102"]
[EventDate "2010.08.23"]
[EventType "team"]
[EventRounds "10"]
[EventCountry "USA"]
[SourceTitle "CBM 138 Extra"]
[Source "ChessBase"]
[SourceDate "2010.10.29"]
[SourceVersion "1"]
[SourceVersionDate "2010.10.29"]
[SourceQuality "1"]

1. e4 e5 2. Nf3 Nc6 3. c3 d5 4. Qa4 f6 5. Bb5 Nge7 6. exd5 Qxd5 7. d4 a6 8. Bxc6+ Nxc6 9. dxe5 fxe5 10. 0-0 Bd7 11. Qc2 0-0-0 12. Be3 Bg4 13. Nbd2 g6 14. b4 Bg7 15. a4 Bf5 16. Qb3 e4 17. b5 exf3 18. Qxd5 Rxd5 19. bxc6 Bxc3 20. cxb7+ Kxb7 21. Ra2 fxg2 22. Kxg2 Re8 23. Nb3 Be4+ 24. f3 Bd3 25. Nc5+ Kc8 26. Nxd3 Rxe3 27. Nf2 c5 28. Ne4 Bb4 29. Nf6 Rf5 30. Ne4 Kc7 31. Rc1 Kc6 32. Rd1 Rd5 33. Rc1 Red3 34. h4 Rf5 35. Rf1 h5 36. Ng5 Rd4 37. Ne4 Rd3 38. Ng5 c4 39. Rc2 Kd5 40. Rfc1 Bd2 41. Rxc4 Bxc1 42. Rxc1 Rf4 43. Ne4 Rfxf3 44. Nc5 Rc3 45. Nxa6 Rxc1 46. Kxf3 Rc4 47. a5 Kc6 48. Nb8+ Kc7 49. Nd7 Kxd7 50. a6 Kc7 51. a7 Kb7 0-1

[Event "USA tt"]
[Site "ICC INT"]
[Date "2010.08.30"]
[Round "2"]
[White "Lopez, Nelson M"]
[Black "Gupta, Ankit"]
[Result "1-0"]
[WhiteElo "2163"]
[BlackElo "2204"]
[PlyCount "65"]
[EventDate "2010.08.23"]
[EventType "team"]
[EventRounds "10"]
[EventCountry "USA"]
[SourceTitle "CBM 138 Extra"]
[Source "ChessBase"]
[SourceDate "2010.10.29"]
[SourceVersion "1"]
[SourceVersionDate "2010.10.29"]
[SourceQuality "1"]

1. e4 c6 2. d4 d5 3. f3 dxe4 4. fxe4 e5 5. Nf3 Bg4 6. Bc4 Nd7 7. Be3 Ngf6 8. 0-0 Bd6 9. c3 0-0 10. Nbd2 Qc7 11. h3 Bh5 12. Qc2 b5 13. Bd3 c5 14. dxe5 Nxe5 15. Nxe5 Bxe5 16. Bxb5 Rad8 17. Rae1 Bg6 18. Bg5 Bh2+ 19. Kh1 Nh5 20. Rf3 f6 21. Bh4 Be5 22. Nc4 Rb8 23. Nxe5 Rxb5 24. Qe2 Rb7 25. Nxg6 hxg6 26. Qc4+ Kh7 27. b3 Rd8 28. Bf2 Nf4 29. Bg3 g5 30. h4 Qa5 31. hxg5 fxg5 32. Bxf4 gxf4 33. Rh3+ 1-0

[Event "Richardson UTD IM"]
[Site "Richardson"]
[Date "2008.11.30"]
[Round "9"]
[White "Lopez, Nelson M"]
[Black "Kiewra, Keaton F"]
[Result "1/2-1/2"]
[WhiteElo "2173"]
[BlackElo "2380"]
[PlyCount "22"]
[EventDate "2008.11.26"]
[EventType "tourn"]
[EventRounds "9"]
[EventCountry "USA"]
[EventCategory "2"]
[SourceTitle "CBM 127 Extra"]
[Source "ChessBase"]
[SourceDate "2009.01.08"]
[SourceVersion "2"]
[SourceVersionDate "2009.01.28"]
[SourceQuality "1"]

1. e4 c5 2. Nf3 d6 3. Bb5+ Bd7 4. Bxd7+ Qxd7 5. c4 e5 6. d3 Nc6 7. Nc3 g6 8. 0-0 Bg7 9. Nd5 Nge7 10. Bh6 0-0 11. Bxg7 Kxg7 1/2-1/2

[Event "Richardson UTD IM"]
[Site "Richardson"]
[Date "2008.11.29"]
[Round "7"]
[White "Lopez, Nelson M"]
[Black "Vedrickas, Tautvydas"]
[Result "0-1"]
[WhiteElo "2173"]
[BlackElo "2268"]
[PlyCount "82"]
[EventDate "2008.11.26"]
[EventType "tourn"]
[EventRounds "9"]
[EventCountry "USA"]
[EventCategory "2"]
[SourceTitle "CBM 127 Extra"]
[Source "ChessBase"]
[SourceDate "2009.01.08"]
[SourceVersion "2"]
[SourceVersionDate "2009.01.28"]
[SourceQuality "1"]

1. e4 c5 2. Nf3 d6 3. Bb5+ Nd7 4. d4 cxd4 5. Qxd4 a6 6. Bxd7+ Bxd7 7. Bg5 Rc8 8. Nc3 Nf6 9. 0-0-0 h6 10. Bxf6 gxf6 11. Rhe1 Qa5 12. e5 Rxc3 13. bxc3 Qa3+ 14. Kb1 Be6 15. Qb4 Qxb4+ 16. cxb4 fxe5 17. a4 Rg8 18. g3 Rg4 19. c3 Bb3 20. Rd2 Bxa4 21. h3 Rc4 22. Kb2 Bc6 23. Nh4 Bd7 24. Ng2 Bg7 25. Ne3 Rc6 26. Kb3 Be6+ 27. Nd5 b5 28. Re3 h5 29. f4 Bxh3 30. fxe5 Bxe5 31. Nf4 Bxf4 32. gxf4 Be6+ 33. Rxe6 fxe6 34. Rh2 Rc4 35. Rxh5 Rxf4 36. Rh8+ Rf8 37. Rh2 Kd7 38. Ra2 Ra8 39. c4 Kc6 40. cxb5+ Kxb5 41. Ra5+ Kb6 0-1

[Event "Tulsa Okie Challengers"]
[Site "Tulsa"]
[Date "2008.08.30"]
[Round "1"]
[White "Lopez, Nelson M"]
[Black "Orton, William R"]
[Result "1-0"]
[WhiteElo "2124"]
[BlackElo "2166"]
[PlyCount "71"]
[EventDate "2008.08.30"]
[EventType "tourn"]
[EventRounds "7"]
[EventCountry "USA"]
[SourceTitle "CBM 126 Extra"]
[Source "ChessBase"]
[SourceDate "2008.11.05"]
[SourceVersion "1"]
[SourceVersionDate "2008.11.05"]
[SourceQuality "1"]

1. e4 c5 2. Nf3 Nc6 3. Bb5 e6 4. 0-0 Nge7 5. b3 a6 6. Bxc6 Nxc6 7. Bb2 f6 8. Nh4 Qe7 9. f4 Qf7 10. Na3 b5 11. c4 b4 12. Nc2 Bb7 13. Qe2 Be7 14. Nf3 0-0 15. Rad1 Qe8 16. d4 cxd4 17. Ncxd4 Bc5 18. Kh1 Nxd4 19. Bxd4 d6 20. e5 Bxd4 21. Rxd4 fxe5 22. fxe5 d5 23. c5 a5 24. Rc1 Ba6 25. Qe3 Rc8 26. Rg4 Qe7 27. h3 Rc7 28. a3 Rfc8 29. axb4 axb4 30. Nd4 Kh8 31. Kh2 Rb8 32. Ra1 Bc8 33. c6 g6 34. Rf1 Ba6 35. Rf6 Bc8 36. Rgxg6 1-0

[Event "USA tt"]
[Site "ICC INT"]
[Date "2006.10.25"]
[Round "9"]
[White "Wilson, Elvin"]
[Black "Lopez, Nelson M"]
[Result "1-0"]
[WhiteElo "2277"]
[BlackElo "2144"]
[PlyCount "105"]
[EventDate "2006.08.30"]
[EventType "team"]
[EventRounds "10"]
[EventCountry "USA"]
[SourceTitle "CBM 114 Extra"]
[Source "ChessBase"]
[SourceDate "2006.11.03"]
[SourceVersion "1"]
[SourceVersionDate "2006.11.03"]
[SourceQuality "1"]
[WhiteTeam "Philadelphia Masterminds"]
[BlackTeam "Dallas Destiny"]
[WhiteTeamCountry "USA"]
[BlackTeamCountry "USA"]

1. d4 Nf6 2. Nf3 e6 3. c4 b6 4. e3 Bb7 5. Bd3 d5 6. cxd5 exd5 7. 0-0 Bd6 8. Nc3 a6 9. b3 0-0 10. Bb2 Nbd7 11. Rc1 Qe7 12. Rc2 Ne4 13. Ne2 f5 14. Qc1 Rac8 15. Re1 g5 16. Qa1 Rce8 17. Ne5 Bxe5 18. dxe5 Nec5 19. Nc1 Nxe5 20. Be2 Ned7 21. Ba3 Qf6 22. Qb1 Rc8 23. b4 Na4 24. b5 Ndc5 25. Nb3 Nc3 26. Rxc3 Qxc3 27. Rc1 Qf6 28. Nxc5 bxc5 29. Bxc5 Rfe8 30. Bd3 Rb8 31. Bxf5 Bc8 32. Bxh7+ Kf7 33. Bd4 Qe6 34. Bg6+ Ke7 35. Bxe8 Kxe8 36. Rxc7 Rxb5 37. Qh7 Kd8 38. Rc1 Bd7 39. h4 gxh4 40. Qxh4+ Ke8 41. Qh8+ Ke7 42. Rc7 Rb1+ 43. Kh2 Qd6+ 44. Be5 Qg6 45. Bf6+ Ke6 46. Qd8 Qh7+ 47. Bh4 Qg7 48. Rxd7 Qe5+ 49. f4 Qa1 50. Qe8+ Kf5 51. Rf7+ Kg4 52. Qg8+ Kxh4 53. Rh7# 1-0